Genaro Estrada : diplomático y escritor /

Este libro reune una serie de documentos sobre política exterior escritos por el diplomático mexicano Genaro Estrada (1887-1937). Además contiene una serie de ensayos sobre la labor diplomática de Estrada.

I tiakina i:
Ngā taipitopito rārangi puna kōrero
Kaituhi matua: Estrada, Genaro (autor)
Hōputu: Pukapuka
Reo:Pāniora
I whakaputaina: México : Secretaría de Relaciones Exteriores, 1978
Rangatū:(Archivo Histórico Diplomático Mexicano Tercera Epoca. Obras Monográficas ; 10)
Ngā marau:
Ngā Tūtohu: Tāpirihia he Tūtohu
Kāore He Tūtohu, Me noho koe te mea tuatahi ki te tūtohu i tēnei pūkete!

MARC

LEADER 00000nam^a2200000^a^4500
001 000000415
005 20250521000000.0
009 20260310083027.989
037 |a Acervo ITESO - Biblioteca 
041 |a ESP 
082 |a 327. 972  |b EST 
100 |a Estrada, Genaro  |e (autor) 
245 1 0 |a Genaro Estrada :  |b diplomático y escritor /  |c G. Estrada ; present. de Santiago Roel. 
264 1 |a México :  |b Secretaría de Relaciones Exteriores,  |c 1978 
300 |a 188 p. 
336 |a texto  |b txt  |2 rdacontenido 
337 |a sin mediación  |b n  |2 rdamedio 
338 |a volumen  |b nc  |2 rdasoporte 
440 1 |a (Archivo Histórico Diplomático Mexicano Tercera Epoca.  |p Obras Monográficas ;  |v 10) 
520 |a Este libro reune una serie de documentos sobre política exterior escritos por el diplomático mexicano Genaro Estrada (1887-1937). Además contiene una serie de ensayos sobre la labor diplomática de Estrada. 
649 |a XX 
650 |a Política Exterior -  |z México 
650 |a Política Exterior -  |z México 
650 |a Diplomáticos Mexicanos 
910 |a Fondo General 
920 |a Impresos - Libros 
930 |a Colección General 
905 |a 101 
901 |a 0004150100  |b IT1  |c ACC  |i 000415  |u 20250521 
901 |a 0500070913  |b IT1  |c ACC  |u 20250521 
902 |a https://opac.biblio.iteso.mx/vufind/Record/000000415